Most Popular Boys Names in South Dakota - Statistics

General Stats
  • This quiz has been taken 105 times
  • The average score is 12 of 30
Answer Stats
Hint Answer % Correct
first appeared 1980 Michael
71%
1980 Matthew
67%
1991 Jacob
62%
1985 Andrew
55%
1980 Ryan
54%
1982 Jason
52%
2008 Jackson
49%
1980 Joshua
48%
1984 Adam
46%
2012 Liam
46%
2007 Noah
46%
1981 Christopher
43%
1980 Justin
43%
1986 Tyler
43%
2002 Samuel
42%
1992 Zachary
42%
2000 Ethan
41%
2000 Nicholas
39%
2002 Mason
36%
1990 Jordan
33%
1993 Austin
28%
1999 Logan
28%
2011 Elijah
26%
2003 Carter
25%
1999 Dylan
25%
2012 Owen
20%
1992 Cody
14%
2001 Hunter
12%
2007 Gavin
10%
2005 Landon
6%
No matching quizzes found
Score Distribution
Percent of People with Each Score
Percentile by Number Answered
Your Score History
You have not taken this quiz